• 首页
  • 本馆介绍
  • 公告通知
  • 最新文献
  • 馆藏检索
  • 电子资源
  • 读者导购
  • 参考咨询
  • 我的图书馆
  • 登录
  • 详细信息显示
  • 放入我的书架
  • 预约/预借图书
  • 作者相关作品
  • 分类相关作品
  • 丛书相关作品
  • 出版社相关作品

书目信息

  • 表格格式
  • 工作单格式
  • 卡片格式
题名:
化工应用数学分析
    
 
作者: 王金福 编著
分册:  
出版信息: 北京   化学工业出版社  2006
页数:
开本: 29cm
丛书名:
单 册:
中图分类: TQ011
科图分类:
主题词: 化学工业--基础理论
电子资源:
ISBN: 7-5025-8728-4
000 00530nam0 2200181 450
001 0754114953
005 20070929150154.95
010    @a7-5025-8728-4
100    @a20070929d km y0chiy0120 ea
101 0  @achi
200 1  @a化工应用数学分析@Ahua gong ying yong shu xue fen xi@f王金福 编著@Fwang jin fu bian zhu
210    @a北京@c化学工业出版社@d2006
215    @c插图@d29cm
606 0  @a化学工业@x基础理论
690    @aTQ011@v3
701  0 @a王金福@Awang jin fu@4编著
801  0 @aCN@bPFT@c20070929
905    @a213230@dTQ011@eh165@f1
    
    化工应用数学分析/王金福 编著.-北京:化学工业出版社,2006
    插图;29cm
    
    
    ISBN 7-5025-8728-4:
    
●
相关链接 在E读中查询图书 在五车中查询图书 在当当中查询图书 在豆瓣中查询图书


正题名:化工应用数学分析     索取号:TQ011/h165         预约/预借

序号 登录号 条形码 馆藏地/架位号 状态 备注
1 6002238   260022380   密集书库-化学系/ [索取号:TQ011/h165] 在馆    
唐山师范学院图书馆 欢迎您!
大连网信软件有限公司© 版权所有